| 000 | 00578 a2200181 4500 | ||
|---|---|---|---|
| 020 | _a0240514513 | ||
| 040 | _aDLC | ||
| 100 | _aMazda, Fraidoon | ||
| 245 | 0 | 0 |
_aAnalytical techniques in telecommunications _cedited by Fraidoon Mazda. |
| 260 |
_aOxford ; _aBoston : _bFocal Press, _c1996. |
||
| 300 |
_a310 p. : _bill. ; _c19 cm. |
||
| 440 | 4 | _aThe Telecommunications pocket guide series. | |
| 440 | 4 | _aFocal pocket guides. | |
| 650 | 0 |
_aTelecommunication _xMathematics. |
|
| 650 | 0 | _aSignal theory (Telecommunication) | |
| 700 | 1 | _aMazda, F. F. | |
| 942 |
_cBK _k621.382 MAZ _2ddc |
||
| 999 |
_c9732 _d9732 |
||